Datum a čas kvízu
35
Celkem bodů
Celkový počet nahraných bodů na tomto kvízu bez doplňovacích otázek.
2.
Pořadí na kvízu
Konečné umístění týmu na tomto kvízu.
Zaznamenané odpovědi
| # | Otázka | Odpověď | Body | Výsledky |
|---|---|---|---|---|
| 1. | Premiér Fiala se při své návšt... | Horáková | 0 | |
| 2. | V minulém týdnu se objevila zp... | A | 0 | |
| 3. | Ve čtvrtek vystoupil v brněnsk... | Slash | 0 | |
| 4. | Automobilka Alfa Romeo se rozh... | Milano | 1 | |
| 5. | 21letý litevský reprezentant M... | C) hod diskem | 1 | |
| 6. | Bolívie má, stejně jako několi... | Sucre; La Paz | 0.5 | |
| 7. | Které evropské hlavní město se... | Oslo | 1 | |
| 8. | Zatímco některé země mají hlav... | o Nauru | 1 | |
| 9. | Které malebné a nepříliš lidna... | Lublaň | 1 | |
| 10. | Napište, které hlavní město (s... | Reykjavík; Wellington | 1 |